Система на марксистко-ленинската гносеология (Запис номер 134787)
[ съкратено ]
| 000 -Лидер | |
|---|---|
| Контролно поле с фиксирана дължина | 02083nam a2200409 c 4500 |
| 003 - Код на организацията, давaща контролен номер | |
| Контролно поле | BLK |
| 005 - Дата и час на последна редакция | |
| Контролно поле | 20180422111835.0 |
| 008 - Елементи от данни с фиксирана дължина | |
| fixed length control field | 180409b bul|||||r ||||||| ||bul|| |
| 010 ## - Наследен системен номер | |
| LC control number | KNG00140704000 |
| 040 ## - Източник на каталожния запис | |
| Идентификатор на билиотеката - собственик на записа | BLK |
| 041 ## - Код за език | |
| Код за езика на текст/звукозапис или на отделно заглавие | Български |
| Код за езика КДБФ | Български |
| 080 ## - УДК | |
| Текстов определител УДК | Диалектически материализъм |
| УДК код - определител по УДК | 141.12:162.6 |
| УДК определител | |
| УДК - код + определител | 141.12:162.6 |
| 080 ## - УДК | |
| Текстов определител УДК | Исторически материализъм |
| УДК код - определител по УДК | 141.12:31 |
| УДК определител | |
| УДК - код + определител | 141.12:31 |
| 100 1# - Редна дума - Автор | |
| Автор | Гиргинов, Гиргин |
| Авторска отговорност | първи автор |
| R(LIN) | 324524 |
| 139 ## - Редно поле | |
| Редна дума | Система на марксистко-ленинската гносеология |
| Авторски знак | Сир - С 38 |
| 245 10 - Сведения за заглавието | |
| Заглавие | Система на марксистко-ленинската гносеология |
| Подзаглавни данни | Изследване |
| Редно поле (дума) | Гиргин Гиргинов; ред. кол. Гиргин Гиргинов. |
| 257 ## - Страна на издаване | |
| Страна на създаване/издаване | България |
| 260 ## - Област на издателските данни | |
| -- | София |
| Име на издателя, разпространителя и проч. | Партиздат |
| Година на издаване | 1973 |
| 300 ## - Физическа характеристика | |
| Страници | 355 с. |
| Размери/Мащаб | 21 см |
| 380 ## - Жанр | |
| Жанр | Философия |
| 500 ## - Общи забележки | |
| Забележка | Други авт. : М. Янков, З. Дунов, С. Петров, Т. Вълов, Д. Гърдев, П. Велчев, Ат. Маринов, Н. Михова, С. Саркисян, Д. Радев, Д. Бантутов, Ю. Минков, Л. Колев, П. Ганчев, Ст. Василев. ; Други ред. : П. Велчев, М. Янков. - 1 320 тир. |
| 650 #4 - Допълнително описание по предмет – тема | |
| Основно описание – тема или топоним | Диалектически материализъм |
| 9 (RLIN) | 274150 |
| 650 #4 - Допълнително описание по предмет – тема | |
| Основно описание – тема или топоним | Исторически материализъм |
| 9 (RLIN) | 286946 |
| 650 #4 - Допълнително описание по предмет – тема | |
| Основно описание – тема или топоним | Марксизъм-ленинизъм - философия |
| 9 (RLIN) | 277200 |
| 650 #4 - Допълнително описание по предмет – тема | |
| Основно описание – тема или топоним | Познание - теория, марксистко-ленинска |
| 9 (RLIN) | 324521 |
| 653 ## - Ключова дума – ненормативна | |
| Ключова дума | марксизъм |
| 653 ## - Ключова дума – ненормативна | |
| Ключова дума | ленинизъм |
| 653 ## - Ключова дума – ненормативна | |
| Ключова дума | диалектика |
| 653 ## - Ключова дума – ненормативна | |
| Ключова дума | гносеология |
| 653 ## - Ключова дума – ненормативна | |
| Ключова дума | познание |
| 700 1# - Други автори (авторска отговорност) | |
| Лично име | Гиргинов, Гиргин |
| Автороска отговорност (Описва отношението между автора и произведението) | ред. кол. |
| 9 (RLIN) | 378682 |
| 852 ## - Местоположение | |
| Форматна сигнатура | Цб 68947 |
| 856 4# - Електронен адрес и достъп | |
| Електронен формат | pdf - файл |
| Път до файла /url/ | |
| 856 4# - Електронен адрес и достъп | |
| Електронен формат | pdf - файл |
| Път до файла /url/ | |
| 942 ## - АРТИКУЛИ | |
| Вид на библиотечния материал | Книги |
| Скрит в OPAC | Не |
| 944 ## - СЪЗДАВАНЕ И РЕДАКЦИЯ на ЗАПИСА | |
| Създаване/Редакция | Създаване |
| Дата на регистрацията/редакция | 13.03.2013 |
| Статус, дата на статуса | 13.03.2013 - от С1,Р / 13.03.2013 |
| Служител, извършил регистрацията/редакцията | Грета_Цуфелде |
| 944 ## - СЪЗДАВАНЕ И РЕДАКЦИЯ на ЗАПИСА | |
| Създаване/Редакция | Редакция |
| Дата на регистрацията/редакция | 13.03.2013 |
| Статус, дата на статуса | 13.03.2013 - от С1,Р / 13.03.2013 |
| Служител, извършил регистрацията/редакцията | |
| 999 ## - СИСТЕМНИ КОНТРОЛНИ НОМЕРА | |
| Koha biblionumber | 134787 |
| Koha biblioitemnumber | 134787 |
| Код за отписване | Код за изгубен артикул | Източник на класификационната схема | Код за повреда | Коз за рестрикции | Код за отдаване | Артикулен № | Име на библиотеката - собственик | Име на библиотеката, в която се намира в момента | Статус (Текущо местоположение) | Дата на вписване в системата | Местоположение - отдел | Цена в лева | Инвентарен номер | Систематично азбучна сигнатура | Баркод | Номер на екземпляра | Цена в евро | Служебна бележка | Служебен тип на артикула |
|---|---|---|---|---|---|---|---|---|---|---|---|---|---|---|---|---|---|---|---|
| Не е изгубен | Universal Decimal Classification | Не е повреден | без рестрикции | ползва се в читалня | 220397 | Регионална библиотека "Любен Каравелов" Русе | Регионална библиотека "Любен Каравелов" Русе | Хранилище | 1973-01-01 | Хранилище | 1.87 | 142219 | Цб 68947 | 120000142219 | 1 | 0.96 | N: стар фонд Дата: 01.01.1973 | Книги |